MARC

LEADER 00000nam0a2200000 4500
001 296672
005 20231102000929.0
020 |a RU  |b 84-49514 
035 |a (RuTPU)RU\TPU\book\321780 
090 |a 296672 
100 |a 20150602d1984 km z0rusy5003 ca 
101 0 |a rus 
102 |a RU 
105 |a a z 001zy 
200 1 |a Штамповка деталей на листоштамповочных автоматах  |e (Основы теории и расчета)  |f П. Г. Орлов 
210 |a Москва  |c Машиностроение  |d 1984 
215 |a 160 с.  |c ил. 
320 |a Библиогр.: с. 157-158 
606 1 |a Листоштамповочные работы  |x Автоматизация  |x Механизация  |2 stltpush  |3 (RuTPU)RU\TPU\subj\40272  |9 60130 
610 1 |a штамповка металлов листовая 
610 1 |a штампы-автоматы 
610 1 |a теория 
610 1 |a расчеты 
610 1 |a силовые режимы 
610 1 |a технологические процессы 
610 1 |a эксплуатация 
610 1 |a смещение 
610 1 |a перекосы 
610 1 |a точность 
675 |a 621.983.3. 06-52  |z rus  |v 3 
700 1 |a Орлов  |b П. Г.  |g Петр Гаврилович  |4 070 
801 0 |a RU  |b RuMRKP  |c 19950704  |g psbo 
801 1 |a RU  |b 63413507  |c 20150602 
801 2 |a RU  |b 63413507  |c 20181026  |g RCR 
942 |c BK